|
|
|
|
| LEADER |
00000nab a2200000 a 4500 |
| 001 |
vtls000919277 |
| 003 |
SK-MaSNL |
| 005 |
20260426073221.0 |
| 008 |
040720e19930318xo 0 slo |
| 035 |
|
|
|a KE28154
|
| 040 |
|
|
|a KEVKJB
|b slo
|c KEVKJB
|e AACR2
|
| 041 |
0 |
|
|a slo
|
| 044 |
|
|
|a xo
|c SK
|
| 080 |
|
|
|a 342.511
|2 1981
|
| 080 |
|
|
|a 929
|2 1981
|
| 100 |
1 |
|
|a Gallo, Igor,
|d 1936-2019
|4 aut
|9 85732
|
| 245 |
1 |
0 |
|a Prísľub podpory rozvoja regiónu
|b Prezident SR Michal Kováč na dvojdňovej návšteve východného Slovenska
|
| 590 |
|
|
|a Kováč, Michal 1930-
|b exprezident SR
|
| 600 |
1 |
7 |
|a Kováč, Michal,
|d 1930-2023
|2 KEVKJB
|9 13813
|
| 650 |
0 |
7 |
|a vlády
|2 KEVKJB
|9 1231529
|
| 650 |
0 |
7 |
|a pracovné návštevy
|2 KEVKJB
|9 69996
|
| 650 |
0 |
7 |
|a reportáže
|2 KEVKJB
|9 75670
|
| 651 |
|
7 |
|a Slovensko
|2 KEVKJB
|9 14231
|
| 651 |
|
7 |
|a KE,
|2 KEVKJB
|9 877256
|
| 655 |
|
7 |
|a periodikum
|2 snkbucl
|9 29553
|
| 773 |
0 |
8 |
|t Košický večer
|g Roč. 4
|g Roč. 28, č.54, 18.3.1993, s. 1,2
|
| 852 |
|
|
|a ZVYKNI
|b KIS3GCP
|
| 999 |
|
|
|c 2700331
|d 2702261
|